Elektrotepelná zařízení /

Gespeichert in:
Bibliographische Detailangaben
Hauptverfasser: Hradílek, Zdeněk (Verfasst von), Buchta, Zdeněk (Verfasst von), Rusek, Stanislav (Verfasst von), Gavlas, Josef (Verfasst von)
Format: Buch
Sprache:Tschechisch
Veröffentlicht: Praha: IN-EL, 1997
Schriftenreihe:Knižnice Elektro - svazek 35
Schlagworte:
Tags: Tag hinzufügen
Keine Tags, Fügen Sie das erste Tag hinzu!

MARC

LEADER 00000nam a22000003a 4500
001 0071909
003 SK-STU
005 20190222103225.4
007 ta
008 190222s ----xo-----e------000-0-----d
020 |a 80-902333-2-5 
040 |a STU  |b slo 
041 0 |a cze  |h cze 
044 |a xr 
100 1 |a Hradílek, Zdeněk  |4 aut 
245 1 0 |a Elektrotepelná zařízení /  |c aut. Zdeněk Hradílek, Zdeněk Buchta, Stanislav Rusek, Josef Gavlas 
260 |a Praha:  |b IN-EL,  |c 1997 
300 |a 174 s. 
490 0 |a Knižnice Elektro - svazek 35 
650 0 7 |a elektrické kúrenie 
650 0 7 |a elektrické odporové pece 
650 0 7 |a elektrické oblúkové pece 
650 0 7 |a elektrotepelné zariadenia 
700 1 |a Buchta, Zdeněk  |r Z6  |4 aut 
700 1 |a Rusek, Stanislav  |4 aut 
700 1 |a Gavlas, Josef  |r Z6  |4 aut 
996 |b 284V041060  |c V* 52851/O-24008  |l VVT  |s A  |a 24  |w 0071909_0001